| 000 | 00818nam a22002297a 4500 | ||
|---|---|---|---|
| 005 | 20151006133718.0 | ||
| 008 | 130827t mx ||||| |||| 00| 0 spa d | ||
| 050 | 0 | 4 |
_aCB19 _bP45 1975 |
| 100 | 1 | _aPelletier, Antoine | |
| 245 | 1 | 0 |
_aMaterialismo histórico e historia de las civilizaciones / _cAntoine Pelletier, Jean-Jacques Goblot ; traducción de Carlos Castro. |
| 250 | _a1a. ed. | ||
| 260 |
_aMéxico : _bGrijalbo, _c1975. |
||
| 300 |
_a204 p. ; _c20 cm. |
||
| 490 | _aTeoría y Praxis | ||
| 500 | _aNota: Título original : Materialisme historique et histoire des civilisations | ||
| 504 | _aIncluye índice | ||
| 650 | 7 |
_2LEMB _aCivilización _xFilosofía |
|
| 650 | 7 |
_2LEMB _aCultura _xHistoria |
|
| 700 | 1 |
_aGoblot, Jean-Jacques, _ecoaut. |
|
| 700 | 1 |
_aCastro, Carlos, _etr. |
|
| 942 |
_2lcc _cLIB |
||
| 999 |
_c40592 _d40592 |
||